| 000 | 00511cam a22001934a 4500 | ||
|---|---|---|---|
| 005 | 20250605164155.0 | ||
| 008 | 250528s ||||||||||||||||||||||||d | ||
| 035 | _a19563 | ||
| 020 | _a960351098Χ | ||
| 040 |
_aGR-AtMCL _bgre _dGR-AtMCL _eAACR2 |
||
| 245 | 1 | _aDIRECT MARKETING / Η ΛΟΓΙΚΗ ΤΟΥ ΑΜΕΣΟΥ ΜΑΡΚΕΤΙΝΓΚ | |
| 250 | _a1 | ||
| 300 | _a82 | ||
| 700 | 1 |
_aΓαλανης Β.Π _95757 |
|
| 942 | _cBK | ||
| 260 | _bΑ.Σταμουλης | ||
| 999 |
_c4819 _d4819 |
||